Macroeconomía / Olivier Blanchard (Registro nro. 16265)
[ vista simple ]
| 000 -LÍDER | |
|---|---|
| fixed length control field | 00463nam a2200157 4500 |
| 008 - ELEMENTOS DE LONGITUD FIJA -- INFORMACIÓN GENERAL | |
| fixed length control field | 0 2000 0a 000 0ESP |
| 020 ## - NÚMERO INTERNACIONAL NORMALIZADO PARA LIBROS | |
| ISBN | 84-205-2985-0 84-205-4431-0 |
| 050 ## - SIGNATURA TOPOGRAFICA DE LA BIBLIOTECA DEL CONGRESO (LC) | |
| Número de Clasificación | HB172.5 B518 2000 |
| 082 ## - NUMERO DE CLASIFICACION DECIMAL DEWEY | |
| Número de Clasificación | 339 B639m |
| 100 ## - ASIENTO PRINCIPAL--NOMBRE PERSONAL | |
| Nombre personal | Blanchard, Olivier |
| 245 ## - TÍTULO | |
| Título | Macroeconomía / Olivier Blanchard |
| 250 ## - MENCIÓN DE EDICIÓN | |
| Mención de edición | 2 / reimp. 2004 |
| 260 ## - PUBLICACIÓN, DISTRIBUCIÓN, ETC. (PIE DE IMPRENTA) | |
| Lugar de publicación, distribución, etc. | Madrid, España : Pearson Educación |
| 300 ## - DESCRIPCIÓN FÍSICA | |
| Extensión | xxviii, 640 p. / 25 cm. |
| 650 ## - ASIENTO SECUNDARIO DE MATERIA - TERMINO TEMÁTICO | |
| Término temático o nombre geográfico como elemento de entrada | 1.MACROECONOMIA |
| No. biblioteca | No. biblioteca | Número de clasificación | Código de barras/Número de adquisición | Número de copia | Tipo de material |
|---|---|---|---|---|---|
| LUIS G. INCLAN | LUIS G. INCLAN | 339 B639m | 42689 | 1 | Libros |
| LUIS G. INCLAN | LUIS G. INCLAN | 339 B639m | 42690 | 2 | Libros |
| LUIS G. INCLAN | LUIS G. INCLAN | 339 B639m | 42691 | 3 | Libros |
| LUIS G. INCLAN | LUIS G. INCLAN | 339 B639m | 42692 | 4 | Libros |
| LUIS G. INCLAN | LUIS G. INCLAN | 339 B639m | 42693 | 5 | Libros |
| LUIS G. INCLAN | LUIS G. INCLAN | 339 B639m | 46441 | 6 | Libros |
| LUIS G. INCLAN | LUIS G. INCLAN | 339 B639m | 46442 | 7 | Libros |
